Legends of the Jews (Record no. 2224)

MARC details
000 -LEADER
fixed length control field 00541nam a2200229 a 4500
020 ## - INTERNATIONAL STANDARD BOOK NUMBER
ISBN
082 00 - DEWEY DECIMAL CLASSIFICATION NUMBER
Classification number 296.1
Author Cutter GIN
100 ## - MAIN ENTRY--AUTHOR NAME
Author name Ginzberg, Louis
245 ## - TITLE STATEMENT
Title Legends of the Jews
260 ## - PUBLICATION, DISTRIBUTION, ETC. (IMPRINT)
Place of publication Philadelphia
Name of publisher Jewish Publication
Year of publication 1947
300 ## - PHYSICAL DESCRIPTION
Number of Pages 424p
500 ## - GENERAL NOTE
General note includes index and biblioraphy
505 2# - FORMATTED CONTENTS NOTE
Formatted contents note Indexes
650 ## - SUBJECT ADDED ENTRY--TOPICAL TERM
Topical Term Judaism-Sources
942 ## - ADDED ENTRY ELEMENTS (KOHA)
Koha item type Books
Holdings
Collection code Home library Current library Shelving location Date acquired Cost, normal purchase price Full call number Accession Number Koha item type
Reference Henry Martyn Institute Library Henry Martyn Institute Library Reference 08/31/2018 100.00 296.1 GIN 606 Archive Book
Reference Henry Martyn Institute Library Henry Martyn Institute Library Reference 08/31/2018 100.00 296.1 GIN 607 Archive Book
Reference Henry Martyn Institute Library Henry Martyn Institute Library Reference 08/31/2018 100.00 296.1 GIN 608 Archive Book
Reference Henry Martyn Institute Library Henry Martyn Institute Library Reference 08/31/2018 100.00 296.1 GIN 609 Archive Book
Reference Henry Martyn Institute Library Henry Martyn Institute Library Reference 08/31/2018 100.00 296.1 GIN 610 Archive Book
Reference Henry Martyn Institute Library Henry Martyn Institute Library Reference 08/31/2018 100.00 296.1 GIN 611 Archive Book
Reference Henry Martyn Institute Library Henry Martyn Institute Library   08/31/2018 100.00 296.1 GIN 612 Archive Book
                   Copyright © 2026 | Henry Martyn Institute | Hyderabad | TS-500052 | INDIA | Implemented by hmi.edu.in
Hit-Count:

Powered by Koha